Advances in bioinformatics and computational biology : (Record no. 26615)

MARC details
000 -LEADER
fixed length control field 01409cam a22003495i 4500
001 - CONTROL NUMBER
control field 14005316
003 - CONTROL NUMBER IDENTIFIER
control field EG-ScBUE
005 - DATE AND TIME OF LATEST TRANSACTION
control field 20260308092108.0
008 - FIXED-LENGTH DATA ELEMENTS--GENERAL INFORMATION
fixed length control field 050616t2005 gw a f b 101 0 eng d
020 ## - INTERNATIONAL STANDARD BOOK NUMBER
International Standard Book Number 3540280081
020 ## - INTERNATIONAL STANDARD BOOK NUMBER
International Standard Book Number 9783540280088
040 ## - CATALOGING SOURCE
Original cataloging agency EG-ScBUE
Language of cataloging eng
Description conventions rda
Transcribing agency EG-ScBUE
Modifying agency EG-ScBUE
082 04 - DEWEY DECIMAL CLASSIFICATION NUMBER
Classification number 570.285
Item number ADV
Edition number 22
111 2# - MAIN ENTRY--MEETING NAME
Meeting name or jurisdiction name as entry element Brazilian Symposium on Bioinformatics
Number of part/section/meeting (1st :
Date of meeting 2005 :
Location of meeting São Leopoldo, Rio Grande del Sul, Brazil)
245 00 - TITLE STATEMENT
Title Advances in bioinformatics and computational biology :
Remainder of title Brazilian Symposium on Bioinformatics, BSB 2005, Sao Leopoldo, Brazil, July 27-29, 2005 : proceedings /
Statement of responsibility, etc João Carlos Setubal, Sergio Verjovski-Almeida, editors.
246 30 - VARYING FORM OF TITLE
Title proper/short title BSB 2005
264 #1 - PUBLICATION, DISTRIBUTION, ETC. (IMPRINT)
Place of publication, distribution, etc Berlin :
Name of publisher, distributor, etc Springer,
Date of publication, distribution, etc [2005]
264 #4 - PUBLICATION, DISTRIBUTION, ETC. (IMPRINT)
Date of publication, distribution, etc c2005
300 ## - PHYSICAL DESCRIPTION
Extent xiv, 258 pages :
Other physical details illustrations ;
Dimensions 24 cm.
336 ## - CONTENT TYPE
Source rdacontent
Content type term text
Content type code txt
337 ## - MEDIA TYPE
Media type term unmediated
Source rdamedia
Media type code n
338 ## - CARRIER TYPE
Carrier type term volume
Carrier type code nc
Source rdacarrier
490 0# - SERIES STATEMENT
Series statement Lecture notes in computer science,
International Standard Serial Number 0302-9743 ;
Volume number/sequential designation 3594.
Series statement Lecture notes in bioinformatics
504 ## - BIBLIOGRAPHY, ETC. NOTE
Bibliography, etc Includes bibliographical references and index.
650 #7 - SUBJECT ADDED ENTRY--TOPICAL TERM
Topical term or geographic name as entry element Bioinformatics
Form subdivision Congresses.
Source of heading or term BUEsh
9 (RLIN) 41065
650 #7 - SUBJECT ADDED ENTRY--TOPICAL TERM
Topical term or geographic name as entry element Computational biology
Form subdivision Congresses.
Source of heading or term BUEsh
653 ## - INDEX TERM--UNCONTROLLED
Resource For college Informatics and Computer Science
Arrived date list April2018
655 ## - INDEX TERM--GENRE/FORM
Form subdivision Reading book
700 1# - ADDED ENTRY--PERSONAL NAME
Personal name Setubal, João Carlos,
Relator term editor.
700 1# - ADDED ENTRY--PERSONAL NAME
Personal name Verjovski-Almeida, Sérgio,
Relator term editor.
942 ## - ADDED ENTRY ELEMENTS (KOHA)
Source of classification or shelving scheme Dewey Decimal Classification
Koha item type Book - Borrowing
Holdings
Withdrawn status Lost status Source of classification or shelving scheme Damaged status Not for loan Collection code Home library Current library Shelving location Date acquired Source of acquisition Cost, normal purchase price Serial Enumeration / chronology Total Checkouts Full call number Barcode Date last seen Cost, replacement price Price effective from Koha item type
    Dewey Decimal Classification     Scientific home BookShop Central Library Central Library First floor 29/04/2018 Purchase 750.00 2691   570.285 ADV 000047676 15/07/2025 937.00 29/04/2018 Book - Borrowing